00296nam a2200109 a 4500008004100000050001600041100002200057245004600079260003200125300002000157350000900177120416s1968 ||||||||||||||||| || u aHF 5438 Mac aMcMurry, Robert N10aHow to build a dynamic sales organization aNew YorkbMcGraw-Hillc1968 axiii, 254 pages a0.00